| 000 | 02049nam a2200421 i 4500 | ||
|---|---|---|---|
| 001 | nkc20243589498 | ||
| 003 | CZ PrSKC | ||
| 005 | 20260415093633.0 | ||
| 007 | ta | ||
| 008 | 240627s2024 xr d 000 f cze | ||
| 020 | _a9788024298184 | ||
| 040 |
_aABG001 _bcze _dOLA001 _erda |
||
| 041 | 1 |
_acze _heng |
|
| 072 | 7 |
_a821.111-3 _xAnglická próza, anglicky psaná _2Konspekt |
|
| 072 | 7 |
_a821-93 _xLiteratura pro děti a mládež (beletrie) _2Konspekt |
|
| 080 |
_a821.111-31 _2MRF |
||
| 080 |
_a821-93-053.67 _2MRF |
||
| 080 |
_a821-93 _2MRF |
||
| 080 |
_a(0:82-31) _2MRF |
||
| 100 | 1 |
_aRahman, Yasmin _4aut _919792 |
|
| 240 | 1 | 0 |
_aThis is my truth. _lČesky |
| 245 | 1 | 0 |
_aMoje pravda / _cYasmin Rahmanová ; přeložila Magdaléna Stárková |
| 250 | _aVydání první | ||
| 264 | 1 |
_aPraha : _bEuromedia Group, _c2024 |
|
| 300 |
_a399 stran ; _c20 cm |
||
| 490 | 1 | _aYoli | |
| 500 | _aPřeloženo z angličtiny | ||
| 520 | 2 |
_aPůsobivá kniha určená teenagerům, která se zabývá dvěma důležitými tématy: domácím násilím a životem v pěstounské péči, zejména v muslimské komunitě. _bBlíží se maturita a nejlepší kamarádky Amani a Huda začínají být nervózní. Nejen ze zkoušek, ale i z budoucnosti. Plachá Amani má na první pohled dokonalou rodinu: úspěšného otce, rozkošného mladšího bratra a matku, která je miluje. Huda naopak vyrůstá u láskyplných pěstounů, kteří právě čekají vlastní dítě. Obě si navzájem závidí snadný život, aniž by si uvědomovaly, že za pozlátkem se skrývají i starosti. Jenže pak Huda zahlédne, jak Amanin otec uhodí její matku a kamarádčino největší tajemství je venku. Nakladatelská anotace. Kráceno. |
|
| 655 | 7 | _aanglické romány | |
| 655 | 7 | _aliteratura young adult | |
| 655 | 7 | _apublikace pro mládež | |
| 655 | 9 | _aEnglish fiction | |
| 655 | 9 | _ayoung adult literature | |
| 655 | 9 | _ajuvenile literature | |
| 700 | 1 |
_aLüdtke Farnesi, Magdaléna, _d1984- _4trl _918645 |
|
| 910 | _aABG508 | ||
| 999 |
_c34174 _d34174 |
||